[Event "Wch Juvenil 2010 sub12"]
[Site "Porto Carras GRE"]
[Date "2010.10.21"]
[Round "2.1"]
[White "Hetul, Shah"]
[Black "Steinberg, Nitzan"]
[Result "1/2-1/2"]
[WhiteElo "1956"]
[BlackElo "2263"]
[PlyCount "59"]
[EventDate "2010.10.20"]
[EventType "swiss"]
[EventRounds "11"]
[EventCountry "GRE"]
[Source "lmi"]
[SourceDate "2010.10.20"]

1. c4 e6 2. Nc3 d5 3. d4 Nf6 4. Nf3 c6 5. cxd5 exd5 6. Qc2 g6 7. Bg5 Be7 8. e3
Bf5 9. Bd3 Bxd3 10. Qxd3 Nbd7 11. O-O O-O 12. Rab1 Re8 13. b4 a6 14. a4 Ne4 15.
Bf4 f5 16. Ne5 Bd6 17. Nxd7 Qxd7 18. Bxd6 Nxd6 19. Rfc1 b5 20. Rc2 Nc4 21. Ra2
Qe7 22. Ne2 Reb8 23. Qc2 a5 24. Qc3 bxa4 25. Rxa4 Qd6 26. Nc1 Kg7 27. Nd3 axb4
28. Raxb4 Rxb4 29. Rxb4 Ra3 30. Rb3 1/2-1/2

[Event "Wch Juvenil 2010 sub12"]
[Site "Porto Carras GRE"]
[Date "2010.10.21"]
[Round "2.4"]
[White "Korpa, Bence"]
[Black "Savenkov, Konstantin"]
[Result "0-1"]
[WhiteElo "2228"]
[BlackElo "1943"]
[PlyCount "110"]
[EventDate "2010.10.20"]
[EventType "swiss"]
[EventRounds "11"]
[EventCountry "GRE"]
[Source "lmi"]
[SourceDate "2010.10.20"]

1. e4 e6 2. d4 d5 3. Nc3 Bb4 4. exd5 exd5 5. Bd3 Nc6 6. Nge2 Bg4 7. f3 Bh5 8.
O-O Nge7 9. Nf4 Bg6 10. Nxg6 hxg6 11. a3 Bd6 12. g3 Qd7 13. Nb5 O-O-O 14. Nxd6+
cxd6 15. c3 Nf5 16. Qc2 Nce7 17. g4 Nh6 18. Bf4 Nhg8 19. Rae1 Nf6 20. Re3 Nc6
21. Rfe1 Rde8 22. Qf2 Nd8 23. Rxe8 Nxe8 24. Bg3 Nf6 25. Kg2 Ne6 26. Qe3 Re8 27.
Qd2 Qe7 28. Bb5 Rd8 29. c4 Kb8 30. c5 a6 31. cxd6 Qf8 32. Qa5 Ka7 33. Qa4 Kb6
34. b4 g5 35. Rc1 Rxd6 36. Bxd6 Qxd6 37. Qa5+ Ka7 38. Bf1 Qf4 39. Rc8 Qd2+ 40.
Kg1 Qe3+ 41. Kh1 Qf2 42. Rc1 Qxf3+ 43. Bg2 Qe3 44. Rf1 Qxd4 45. b5 Nf4 46. Qd8
Ne4 47. b6+ Qxb6 48. Qxb6+ Kxb6 49. Bxe4 dxe4 50. h4 e3 51. Rb1+ Kc5 52. hxg5
e2 53. Re1 Kd4 54. Kh2 Ke3 55. Kg3 Nd3 0-1

[Event "Wch Juvenil 2010 sub12"]
[Site "Porto Carras GRE"]
[Date "2010.10.21"]
[Round "2.6"]
[White "Beker, Ziv"]
[Black "Donchenko, Alexander"]
[Result "1/2-1/2"]
[WhiteElo "1936"]
[BlackElo "2204"]
[PlyCount "94"]
[EventDate "2010.10.20"]
[EventType "swiss"]
[EventRounds "11"]
[EventCountry "GRE"]
[Source "lmi"]
[SourceDate "2010.10.20"]

1. e4 d6 2. d4 Nf6 3. Nc3 g6 4. Be3 c6 5. h3 b5 6. e5 b4 7. exf6 bxc3 8. fxe7
Qxe7 9. bxc3 Bh6 10. Qd2 O-O 11. Be2 Bxe3 12. Qxe3 Qd8 13. h4 Re8 14. Qd2 h5
15. Kf1 Nd7 16. g4 hxg4 17. h5 Nf6 18. hxg6 fxg6 19. Bd3 Kf7 20. Qg5 Bf5 21.
Bxf5 gxf5 22. Qxf5 Rh8 23. Rxh8 Qxh8 24. Rb1 Rb8 25. Rxb8 Qxb8 26. Ne2 Qb1+ 27.
Kg2 Qe1 28. Qd3 d5 29. c4 Kg7 30. cxd5 cxd5 31. Nf4 Ne4 32. Qe3 Qd1 33. c4 Qc2
34. cxd5 g3 35. Ne6+ Kg6 36. Qf4 Qxf2+ 37. Qxf2 gxf2 38. Nc5 Nc3 39. d6 Kf7 40.
Kxf2 Nxa2 41. Ke3 Nc3 42. Kd3 Nb5 43. d7 Ke7 44. Kc4 a6 45. d5 Kd8 46. Kb4 Nc7
47. Kc4 Na8 1/2-1/2

[Event "Wch Juvenil 2010 sub12"]
[Site "Porto Carras GRE"]
[Date "2010.10.21"]
[Round "2.8"]
[White "Gajek, Radoslaw"]
[Black "Ali, Marandi Cemil Can"]
[Result "1-0"]
[WhiteElo "1930"]
[BlackElo "2180"]
[PlyCount "57"]
[EventDate "2010.10.20"]
[EventType "swiss"]
[EventRounds "11"]
[EventCountry "GRE"]
[Source "lmi"]
[SourceDate "2010.10.20"]

1. e4 c5 2. Nf3 e6 3. d4 cxd4 4. Nxd4 a6 5. Bd3 g6 6. c4 Bg7 7. Nb3 Ne7 8. Be2
O-O 9. Nc3 b6 10. O-O Bb7 11. Be3 Nbc6 12. Na4 Nc8 13. Qd2 Qc7 14. Rfd1 Rd8 15.
Rac1 Rb8 16. c5 b5 17. Nb6 N6e7 18. Nxd7 Kh8 19. Bd4 e5 20. Nxb8 Qxb8 21. Bxe5
Bxe5 22. Qxd8+ Kg7 23. Rd7 Bxh2+ 24. Kf1 Nc6 25. Qe8 Ne5 26. c6 Bxc6 27. Rxc6
Nxc6 28. Rxf7+ Kh6 29. Qxc6 1-0

[Event "Wch Juvenil 2010 sub12"]
[Site "Porto Carras GRE"]
[Date "2010.10.21"]
[Round "2.9"]
[White "Arjun, Bharat"]
[Black "Sanal, Vahap"]
[Result "0-1"]
[WhiteElo "1925"]
[BlackElo "2170"]
[PlyCount "62"]
[EventDate "2010.10.20"]
[EventType "swiss"]
[EventRounds "11"]
[EventCountry "GRE"]
[Source "lmi"]
[SourceDate "2010.10.20"]

1. d4 Nf6 2. c4 g6 3. Nc3 Bg7 4. e4 d6 5. f3 O-O 6. Bg5 c5 7. d5 a6 8. a4 e6 9.
Qd2 exd5 10. cxd5 Re8 11. Bd3 Nbd7 12. Nge2 Ne5 13. O-O Qa5 14. Bc2 Nc4 15. Qc1
Nh5 16. Rb1 b5 17. axb5 axb5 18. Nxb5 h6 19. Bb3 hxg5 20. Bxc4 Qb6 21. Qxg5 Bd7
22. Nec3 Ra5 23. Na3 Bf6 24. Qd2 Qb4 25. e5 Bxe5 26. Ne4 Bd4+ 27. Kh1 Qxd2 28.
Nxd2 Ng3+ 29. hxg3 Kg7 30. Rf2 Bxf2 31. Nf1 Rh8+ 0-1

[Event "Wch Juvenil 2010 sub12"]
[Site "Porto Carras GRE"]
[Date "2010.10.21"]
[Round "2.11"]
[White "Malhotra, Tarun"]
[Black "Bellahcene, Bilel"]
[Result "0-1"]
[WhiteElo "1908"]
[BlackElo "2152"]
[PlyCount "182"]
[EventDate "2010.10.20"]
[EventType "swiss"]
[EventRounds "11"]
[EventCountry "GRE"]
[Source "lmi"]
[SourceDate "2010.10.20"]

1. e4 c5 2. Nf3 Nc6 3. d4 cxd4 4. Nxd4 Nf6 5. Nc3 e5 6. Ndb5 d6 7. Bg5 a6 8.
Na3 Be6 9. Nc4 Rc8 10. Ne3 Qb6 11. Rb1 Nxe4 12. Nxe4 h6 13. Qh5 d5 14. Nd2 Bc5
15. Nb3 Kd7 16. Bh4 Bxe3 17. fxe3 g6 18. Qe2 Qb4+ 19. Qd2 Qxh4+ 20. g3 Qb4 21.
c3 Qd6 22. Bg2 Kc7 23. O-O Rhd8 24. Rbd1 Rd7 25. Rf6 Qe7 26. Rff1 Rcd8 27. Qf2
f5 28. Rd2 h5 29. Rfd1 a5 30. Bf1 a4 31. Nc1 Qc5 32. b4 axb3 33. Nxb3 Qa7 34.
Bb5 Qb6 35. Bf1 d4 36. exd4 Bxb3 37. axb3 exd4 38. b4 Rd6 39. b5 dxc3 40. Qxb6+
Kxb6 41. Rxd6 Rxd6 42. Rxd6 c2 43. bxc6 bxc6 44. Rxg6 c1=Q 45. Kf2 Qd2+ 46. Be2
Qd4+ 47. Kg2 Qd2 48. Kf2 f4 49. gxf4 Qxf4+ 50. Bf3 Qxh2+ 51. Ke3 Qe5+ 52. Kf2
Qd4+ 53. Kg2 Qd2+ 54. Kg3 Qe1+ 55. Kg2 Qd2+ 56. Kh3 Qf4 57. Rxc6+ Kb5 58. Kg2
h4 59. Rg6 h3+ 60. Kxh3 Qxf3+ 61. Rg3 Qf5+ 62. Kh4 Kc4 63. Rg4+ Kd3 64. Rg3+
Ke4 65. Rg4+ Kf3 66. Rg3+ Kf2 67. Rg2+ Kf1 68. Rg5 Qh7+ 69. Kg4 Kf2 70. Rf5+
Ke3 71. Rh5 Qd7+ 72. Kg5 Qg7+ 73. Kf5 Qf7+ 74. Kg5 Kf3 75. Rh3+ Kg2 76. Rh6 Kg3
77. Rf6 Qe7 78. Kf5 Kf3 79. Re6 Qh7+ 80. Ke5 Qe4+ 81. Kd6 Qb4+ 82. Ke5 Qc5+ 83.
Kf6 Kf4 84. Kg7 Qg5+ 85. Kf7 Kf5 86. Re7 Qh5+ 87. Kg7 Qg6+ 88. Kf8 Qd6 89. Kf7
Qd8 90. Re8 Qf6+ 91. Kg8 Kg6 0-1

[Event "Wch Juvenil 2010 sub12"]
[Site "Porto Carras GRE"]
[Date "2010.10.21"]
[Round "2.12"]
[White "Capone, Nicola"]
[Black "Sidhant, Mohapatra"]
[Result "0-1"]
[WhiteElo "1905"]
[BlackElo "2125"]
[PlyCount "58"]
[EventDate "2010.10.20"]
[EventType "swiss"]
[EventRounds "11"]
[EventCountry "GRE"]
[Source "lmi"]
[SourceDate "2010.10.20"]

1. e4 c5 2. Nf3 e6 3. d4 cxd4 4. Nxd4 Nf6 5. Nc3 Nc6 6. Ndb5 Bb4 7. a3 Bxc3+ 8.
Nxc3 d5 9. exd5 exd5 10. Bd3 O-O 11. O-O d4 12. Ne2 Qd5 13. c4 dxc3 14. Nxc3
Qa5 15. Ne4 Nxe4 16. Bxe4 Rd8 17. Qe1 Qa4 18. Bxc6 Qxc6 19. Be3 Qg6 20. Kh1 Be6
21. Qb4 Rd3 22. Qf4 a6 23. Rad1 Rad8 24. Rxd3 Qxd3 25. Rg1 h6 26. h3 Rd5 27.
Rc1 Qb3 28. Bd4 Bxh3 29. g4 Rxd4 0-1

[Event "Wch Juvenil 2010 sub12"]
[Site "Porto Carras GRE"]
[Date "2010.10.21"]
[Round "2.13"]
[White "Tatekhin, Vyacheslav"]
[Black "Xiong, Ferdinand"]
[Result "1-0"]
[WhiteElo "2113"]
[BlackElo "1912"]
[PlyCount "53"]
[EventDate "2010.10.20"]
[EventType "swiss"]
[EventRounds "11"]
[EventCountry "GRE"]
[Source "lmi"]
[SourceDate "2010.10.20"]

1. e4 c5 2. Nf3 d6 3. d4 cxd4 4. Nxd4 Nf6 5. Nc3 g6 6. Be3 Bg7 7. f3 O-O 8. Bc4
Nc6 9. Qd2 Bd7 10. O-O-O Rc8 11. Bb3 Nxd4 12. Bxd4 b5 13. h4 a5 14. a4 b4 15.
Nd5 Nxd5 16. exd5 Bxd4 17. Qxd4 Bf5 18. Rd2 Qe8 19. h5 f6 20. g4 Bd7 21. hxg6
Bxa4 22. Bxa4 Qxa4 23. Kb1 Qe8 24. Rh6 Qb5 25. Qe3 e5 26. Rxh7 Rc3 27. Rh8+ 1-0

[Event "Wch Juvenil 2010 sub12"]
[Site "Porto Carras GRE"]
[Date "2010.10.21"]
[Round "2.14"]
[White "Shugaev, Daud"]
[Black "Schroeder, Jan-Christian"]
[Result "0-1"]
[WhiteElo "1890"]
[BlackElo "2108"]
[PlyCount "122"]
[EventDate "2010.10.20"]
[EventType "swiss"]
[EventRounds "11"]
[EventCountry "GRE"]
[Source "lmi"]
[SourceDate "2010.10.20"]

1. e4 e5 2. Nf3 Nc6 3. Bb5 a6 4. Ba4 Nf6 5. O-O Be7 6. Re1 b5 7. Bb3 d6 8. c3
O-O 9. d3 Na5 10. Bc2 c5 11. Nbd2 Nc6 12. Nf1 Re8 13. Bg5 Nd7 14. Bxe7 Qxe7 15.
Ne3 Nb6 16. a3 Bd7 17. d4 cxd4 18. cxd4 Nc4 19. Nd5 Qd8 20. b3 Nb6 21. Ne3 Rc8
22. Rc1 Qf6 23. dxe5 dxe5 24. Nd5 Nxd5 25. exd5 Nd4 26. Nxd4 exd4 27. Be4 g6
28. g3 Rxc1 29. Qxc1 Qe7 30. Kf1 Bh3+ 31. Kg1 f5 32. d6 Qxd6 33. Bd5+ Qxd5 34.
Rxe8+ Kf7 35. Rf8+ Kxf8 36. Qh6+ Kg8 37. Qxh3 d3 38. Qf1 d2 39. Qd1 Qd3 40. h3
h6 41. Kh2 Kf7 42. a4 Ke6 43. axb5 axb5 44. g4 f4 45. Kg1 f3 46. b4 Qc3 47. Kh2
Kf6 48. Kg3 Kg7 49. h4 Qe5+ 50. Kh3 Qe1 51. Qxf3 d1=Q 52. Qb7+ Kf8 53. Qb8+ Qe8
54. Qf4+ Kg7 55. Qc7+ Qdd7 56. Qc3+ Kh7 57. Qf3 h5 58. Kh2 Qxg4 59. Qf6 Qb8+
60. Kh1 Qa8+ 61. Kh2 Qag2# 0-1

[Event "Wch Juvenil 2010 sub12"]
[Site "Porto Carras GRE"]
[Date "2010.10.21"]
[Round "2.15"]
[White "Spacek, Oliver"]
[Black "Mohammad, Nubairshah Shaikh"]
[Result "0-1"]
[WhiteElo "1887"]
[BlackElo "2071"]
[PlyCount "80"]
[EventDate "2010.10.20"]
[EventType "swiss"]
[EventRounds "11"]
[EventCountry "GRE"]
[Source "lmi"]
[SourceDate "2010.10.20"]

1. d4 d5 2. c4 c6 3. Nf3 Nf6 4. e3 Bf5 5. Nc3 e6 6. Be2 h6 7. O-O Nbd7 8. Re1
Be7 9. b3 O-O 10. Bb2 Re8 11. Bd3 Bxd3 12. Qxd3 Qa5 13. e4 dxe4 14. Nxe4 Rad8
15. Bc3 Qc7 16. Qc2 a6 17. Bb2 Nxe4 18. Rxe4 Bf6 19. Rd1 Qa5 20. h3 Qf5 21. Re2
Qxc2 22. Rxc2 Ne5 23. Nxe5 Bxe5 24. Rcd2 Bf6 25. Kf1 Rd7 26. Bc3 b6 27. c5 b5
28. Ba5 Ree7 29. f4 Rd5 30. Ke2 Red7 31. Ke3 h5 32. Rd3 Be7 33. Ke4 f6 34. Bb4
Kf7 35. g3 h4 36. g4 f5+ 37. Ke3 g5 38. Rf1 gxf4+ 39. Rxf4 Bg5 40. Bc3 e5 0-1

[Event "Wch Juvenil 2010 sub12"]
[Site "Porto Carras GRE"]
[Date "2010.10.21"]
[Round "2.16"]
[White "Mueller, Constantin"]
[Black "Msellek, Ilyass"]
[Result "0-1"]
[WhiteElo "1874"]
[BlackElo "2066"]
[PlyCount "78"]
[EventDate "2010.10.20"]
[EventType "swiss"]
[EventRounds "11"]
[EventCountry "GRE"]
[Source "lmi"]
[SourceDate "2010.10.20"]

1. Nf3 Nf6 2. g3 g6 3. Bg2 Bg7 4. d4 O-O 5. O-O d6 6. c4 c6 7. Nc3 a6 8. e4
Nfd7 9. a4 a5 10. Be3 Na6 11. Qc1 Re8 12. Ne1 e5 13. d5 Ndc5 14. Qd1 Qc7 15.
Nd3 Nxd3 16. Qxd3 Nc5 17. Bxc5 dxc5 18. Qe3 Qb6 19. Nd1 Bg4 20. f3 Bd7 21. Ra3
f5 22. Nf2 cxd5 23. cxd5 Qxb2 24. Rb3 Qd4 25. Qxd4 cxd4 26. Rxb7 Bxa4 27. Ra1
Bc2 28. Ra2 Rec8 29. Bh3 Bh6 30. d6 Be3 31. Kf1 a4 32. d7 Rc3 33. Ke2 Bb3 34.
Rxb3 Rxb3 35. Rxa4 Rb2+ 36. Kd1 Rab8 37. Rc4 Rb1+ 38. Ke2 R8b2+ 39. Kd3 Rd2#
0-1

[Event "Wch Juvenil 2010 sub12"]
[Site "Porto Carras GRE"]
[Date "2010.10.21"]
[Round "2.17"]
[White "Sadikhov, Ulvi Ramil Oglu"]
[Black "Rydl, Jiri"]
[Result "1-0"]
[WhiteElo "2060"]
[BlackElo "1906"]
[PlyCount "79"]
[EventDate "2010.10.20"]
[EventType "swiss"]
[EventRounds "11"]
[EventCountry "GRE"]
[Source "lmi"]
[SourceDate "2010.10.20"]

1. e4 e6 2. d4 d5 3. Nc3 Nf6 4. e5 Nfd7 5. f4 c5 6. Nf3 Nc6 7. Be3 a6 8. Qd2 b5
9. a3 Qb6 10. Ne2 Bb7 11. c3 Na5 12. Qc2 Nc4 13. Bf2 Qc7 14. b3 Ncb6 15. g4
cxd4 16. Bxd4 Bc5 17. Qd2 O-O-O 18. Ng3 Rdf8 19. Bd3 Be7 20. O-O Nc5 21. Qe2
Nbd7 22. b4 Nxd3 23. Qxd3 Nb6 24. f5 Nc4 25. g5 Rfg8 26. Kf2 h6 27. g6 fxg6 28.
fxe6 Rf8 29. Kg1 Rf4 30. Qxg6 Rhf8 31. Rae1 Rxf3 32. Rxf3 Rxf3 33. Nf5 Rxf5 34.
Qxf5 Bc6 35. Qg6 Nd2 36. Kg2 Ne4 37. Rf1 Kd8 38. Qxg7 Be8 39. Rf7 Ng5 40. Rxe7
1-0

[Event "Wch Juvenil 2010 sub12"]
[Site "Porto Carras GRE"]
[Date "2010.10.21"]
[Round "2.18"]
[White "Arsic, Djordje"]
[Black "Karthikeyan, Murali"]
[Result "0-1"]
[WhiteElo "1856"]
[BlackElo "2059"]
[PlyCount "24"]
[EventDate "2010.10.20"]
[EventType "swiss"]
[EventRounds "11"]
[EventCountry "GRE"]
[Source "lmi"]
[SourceDate "2010.10.20"]

1. e4 c5 2. Nf3 e6 3. d4 cxd4 4. Nxd4 Nf6 5. Nc3 Nc6 6. Ndb5 Bb4 7. Bf4 Nxe4 8.
Nc7+ Kf8 9. Nxa8 Qf6 10. Qf3 Nxc3 11. Bd2 Nd4 12. Qxf6 Nxc2# 0-1

[Event "Wch Juvenil 2010 sub12"]
[Site "Porto Carras GRE"]
[Date "2010.10.22"]
[Round "3.3"]
[White "Troff, Kayden W"]
[Black "Lorparizangeneh, Shahin"]
[Result "1-0"]
[WhiteElo "2216"]
[BlackElo "2021"]
[PlyCount "129"]
[EventDate "2010.10.20"]
[EventType "swiss"]
[EventRounds "11"]
[EventCountry "GRE"]
[Source "lmi"]
[SourceDate "2010.10.20"]

1. d4 d5 2. c4 c6 3. Nf3 Nf6 4. e3 Bg4 5. Nbd2 Nbd7 6. Qc2 e6 7. b3 Bd6 8. Bb2
Qe7 9. Ne5 Bf5 10. Bd3 Bxd3 11. Qxd3 Bxe5 12. dxe5 Ng4 13. Nf3 Nc5 14. Qd4 Ne4
15. cxd5 cxd5 16. O-O O-O 17. h3 Nh6 18. Rac1 Qd7 19. g4 Kh8 20. Qb4 Rfc8 21.
Kg2 Rxc1 22. Rxc1 Rc8 23. Qa4 b5 24. Qa5 Rxc1 25. Bxc1 Qc8 26. Bd2 a6 27. Be1
Ng8 28. Qb6 Ne7 29. Qa7 Qe8 30. Qxa6 Ng6 31. Qb7 Nc5 32. Qc7 Ne4 33. Qa7 h5 34.
gxh5 Ne7 35. Qc7 Nf5 36. Ba5 Kh7 37. a3 Qf8 38. Bb4 Qe8 39. Qb7 Kg8 40. Nd4
Nh4+ 41. Kf1 f5 42. exf6 Nxf6 43. h6 gxh6 44. Qe7 Qg6 45. Qxe6+ Kg7 46. Qe7+
Kg8 47. Qd8+ Kh7 48. Qc7+ Kh8 49. Qc8+ Kh7 50. Qc2 Qxc2 51. Nxc2 Nf5 52. Nd4
Nxd4 53. exd4 Kg6 54. a4 bxa4 55. bxa4 Ne8 56. a5 Nc7 57. Ke2 Kf5 58. Ke3 h5
59. f4 Ke6 60. Kf3 Na6 61. Bc5 Nb8 62. Kg3 Na6 63. Ba3 Kf5 64. Bd6 Ke4 65. Be5
1-0

[Event "Wch Juvenil 2010 sub12"]
[Site "Porto Carras GRE"]
[Date "2010.10.22"]
[Round "3.4"]
[White "Melnikov, Egor"]
[Black "Ghosh, Diptayan"]
[Result "0-1"]
[WhiteElo "1978"]
[BlackElo "2193"]
[PlyCount "76"]
[EventDate "2010.10.20"]
[EventType "swiss"]
[EventRounds "11"]
[EventCountry "GRE"]
[Source "lmi"]
[SourceDate "2010.10.20"]

1. e4 e5 2. Nf3 Nc6 3. Bb5 a6 4. Ba4 Nf6 5. O-O b5 6. Bb3 Bc5 7. c3 d6 8. d4
Bb6 9. a4 Rb8 10. axb5 axb5 11. Na3 O-O 12. Nxb5 Bg4 13. Re1 Bxf3 14. gxf3 Nh5
15. Be3 Qf6 16. Kh1 Ne7 17. Rg1 Nf4 18. c4 c6 19. dxe5 dxe5 20. Nc3 Rfd8 21.
Qc2 Ne6 22. Rg3 Nd4 23. Bxd4 exd4 24. Nd1 d3 25. Qd2 Bc7 26. Ba4 Bxg3 27. hxg3
Qxf3+ 28. Kg1 Qxe4 29. Ne3 Ng6 30. Bd1 Ne5 31. Rc1 Nf3+ 32. Bxf3 Qxf3 33. Re1
h5 34. Nd1 Re8 35. Ne3 Rbd8 36. b4 h4 37. gxh4 Rd4 38. Qd1 Rxe3 0-1

[Event "Wch Juvenil 2010 sub12"]
[Site "Porto Carras GRE"]
[Date "2010.10.22"]
[Round "3.5"]
[White "Sanal, Vahap"]
[Black "Toma, Radu-Cristian"]
[Result "1-0"]
[WhiteElo "2170"]
[BlackElo "2016"]
[PlyCount "103"]
[EventDate "2010.10.20"]
[EventType "swiss"]
[EventRounds "11"]
[EventCountry "GRE"]
[Source "lmi"]
[SourceDate "2010.10.20"]

1. e4 e5 2. Nf3 Nc6 3. Bb5 a6 4. Ba4 Nf6 5. O-O Be7 6. Bxc6 dxc6 7. d3 Nd7 8.
Nbd2 O-O 9. Nc4 Bd6 10. d4 Qe7 11. Re1 f6 12. c3 Qf7 13. Ne3 c5 14. Nf5 Qh5 15.
Nxd6 cxd6 16. dxc5 dxc5 17. Qd6 Qf7 18. Be3 c4 19. a4 Nb8 20. a5 Nc6 21. Bb6
Be6 22. Rad1 Bg4 23. Re3 h5 24. Qa3 Rac8 25. h3 Be6 26. Rd6 g5 27. h4 g4 28.
Nh2 f5 29. exf5 Qxf5 30. Re1 Ne7 31. Rd2 Ng6 32. Nf1 Nxh4 33. Ng3 Qg5 34. Be3
Qg6 35. Qd6 Nf5 36. Qxe5 Rce8 37. Ne4 Nxe3 38. Rxe3 Qf5 39. Qxf5 Bxf5 40. Nf6+
Kf7 41. Nxe8 Rxe8 42. Rxe8 Kxe8 43. Rd5 Bg6 44. Rg5 Bf7 45. Kh2 Ke7 46. Kg3 Kf6
47. Kf4 Bg6 48. Rc5 Bf7 49. g3 Kg6 50. Ke5 h4 51. gxh4 Kh5 52. Ke4+ 1-0

[Event "Wch Juvenil 2010 sub12"]
[Site "Porto Carras GRE"]
[Date "2010.10.22"]
[Round "3.6"]
[White "Bellahcene, Bilel"]
[Black "Beerdsen, Thomas"]
[Result "1-0"]
[WhiteElo "2152"]
[BlackElo "1991"]
[PlyCount "69"]
[EventDate "2010.10.20"]
[EventType "swiss"]
[EventRounds "11"]
[EventCountry "GRE"]
[Source "lmi"]
[SourceDate "2010.10.20"]

1. e4 c5 2. Nf3 d6 3. d4 cxd4 4. Nxd4 Nf6 5. Nc3 a6 6. h3 g6 7. g4 Bg7 8. Bg2
O-O 9. O-O Nfd7 10. a4 Nc6 11. Be3 Nde5 12. b3 b6 13. f4 Nxd4 14. Bxd4 Nc6 15.
Bxg7 Kxg7 16. e5 Bb7 17. exd6 exd6 18. Qd2 Qd7 19. Rad1 Rad8 20. Nd5 b5 21.
axb5 axb5 22. Qc3+ f6 23. Nxf6 Rxf6 24. g5 Rdf8 25. Rf2 b4 26. Qb2 Qe7 27. c4
Nd8 28. Re2 Qc7 29. Bxb7 Qc5+ 30. Kh2 Nxb7 31. Rd5 Qc8 32. Re7+ Kg8 33. gxf6
Nc5 34. Rg7+ Kh8 35. f7 1-0

[Event "Wch Juvenil 2010 sub12"]
[Site "Porto Carras GRE"]
[Date "2010.10.22"]
[Round "3.7"]
[White "Sidhant, Mohapatra"]
[Black "Petrosyan, Manuel"]
[Result "0-1"]
[WhiteElo "2125"]
[BlackElo "1990"]
[PlyCount "68"]
[EventDate "2010.10.20"]
[EventType "swiss"]
[EventRounds "11"]
[EventCountry "GRE"]
[Source "lmi"]
[SourceDate "2010.10.20"]

1. d4 d5 2. Nc3 Nf6 3. Bg5 Bf5 4. f3 Nbd7 5. Nxd5 Nxd5 6. e4 h6 7. Bh4 N7b6 8.
exf5 Ne3 9. Qd3 Qxd4 10. Bf2 Qxd3 11. Bxd3 Nxg2+ 12. Kf1 Nf4 13. Be4 c6 14. a4
Nc4 15. Rd1 Rd8 16. Rxd8+ Kxd8 17. b3 Nd2+ 18. Ke1 Nxe4 19. fxe4 e6 20. Bxa7
Bb4+ 21. Kf2 exf5 22. Be3 Ng6 23. exf5 Ne5 24. Bb6+ Kc8 25. Nf3 Re8 26. Rg1 Bc3
27. Bd4 Nxf3 28. Bxc3 Nxg1 29. Kxg1 f6 30. Kf2 Kc7 31. Kf3 Kd6 32. Bb2 Re1 33.
Kf4 c5 34. c3 Rb1 0-1

[Event "Wch Juvenil 2010 sub12"]
[Site "Porto Carras GRE"]
[Date "2010.10.23"]
[Round "4.2"]
[White "Mohammad, Nubairshah Shaikh"]
[Black "Troff, Kayden W"]
[Result "0-1"]
[WhiteElo "2071"]
[BlackElo "2216"]
[PlyCount "108"]
[EventDate "2010.10.20"]
[EventType "swiss"]
[EventRounds "11"]
[EventCountry "GRE"]
[Source "lmi"]
[SourceDate "2010.10.20"]

1. c4 e5 2. Nc3 Nc6 3. Nf3 Nf6 4. g3 Bb4 5. Bg2 O-O 6. O-O Re8 7. d3 Bxc3 8.
bxc3 e4 9. Nd4 exd3 10. exd3 Nxd4 11. cxd4 d5 12. Bg5 h6 13. Bxf6 Qxf6 14. Bxd5
c6 15. Bg2 Qxd4 16. Qb3 Rd8 17. Rfe1 Rb8 18. Bxc6 Be6 19. Be4 b5 20. Rab1 Rb6
21. Qa3 bxc4 22. dxc4 Bxc4 23. Rxb6 axb6 24. Bc2 Qd2 25. Qe7 Rf8 26. Qe4 g6 27.
Bb3 b5 28. Qe3 Qd5 29. Rd1 Qh5 30. Rc1 Rc8 31. a4 Kh7 32. Qd4 Qg5 33. f4 Qe7
34. Bxc4 bxc4 35. a5 Qe6 36. Qb6 Rc6 37. Qd4 Qe7 38. Qe5 Qd7 39. Qc3 Qd5 40. a6
Qc5+ 41. Kg2 Qa7 42. Re1 Qxa6 43. Re8 Rf6 44. Kh3 Qc6 45. Rb8 Qd6 46. Rb2 Qe6+
47. Kg2 g5 48. Rc2 Qe4+ 49. Kg1 Rd6 50. fxg5 Rd1+ 51. Kf2 Qf5+ 52. Ke3 Rd3+ 53.
Ke2 Qf3+ 54. Ke1 Rd1# 0-1

[Event "Wch Juvenil 2010 sub12"]
[Site "Porto Carras GRE"]
[Date "2010.10.23"]
[Round "4.3"]
[White "Ghosh, Diptayan"]
[Black "Msellek, Ilyass"]
[Result "1-0"]
[WhiteElo "2193"]
[BlackElo "2066"]
[PlyCount "63"]
[EventDate "2010.10.20"]
[EventType "swiss"]
[EventRounds "11"]
[EventCountry "GRE"]
[Source "lmi"]
[SourceDate "2010.10.20"]

1. e4 c5 2. c3 d5 3. exd5 Qxd5 4. d4 Nf6 5. Nf3 Bg4 6. Nbd2 Nc6 7. Bc4 Qd6 8.
dxc5 Qxc5 9. Qb3 Nd8 10. O-O a6 11. h3 Bd7 12. Re1 b5 13. Bd3 Be6 14. Qc2 Bd5
15. Nb3 Qc7 16. Nbd4 e6 17. a4 Bxf3 18. Nxf3 b4 19. Bd2 bxc3 20. Bxc3 Bd6 21.
Rad1 Nd5 22. Bxg7 Rg8 23. Qxc7 Bxc7 24. Be5 Ba5 25. Re2 Nc6 26. Bxh7 Nxe5 27.
Rxe5 Bc7 28. Bxg8 Bxe5 29. Nxe5 f6 30. Bxe6 Nf4 31. Bd7+ Kd8 32. Bc6+ 1-0

[Event "Wch Juvenil 2010 sub12"]
[Site "Porto Carras GRE"]
[Date "2010.10.23"]
[Round "4.4"]
[White "Petrosyan, Manuel"]
[Black "Sanal, Vahap"]
[Result "0-1"]
[WhiteElo "1990"]
[BlackElo "2170"]
[PlyCount "68"]
[EventDate "2010.10.20"]
[EventType "swiss"]
[EventRounds "11"]
[EventCountry "GRE"]
[Source "lmi"]
[SourceDate "2010.10.20"]

1. c4 Nf6 2. Nc3 g6 3. g3 Bg7 4. Bg2 O-O 5. d3 d6 6. e3 Nc6 7. Nge2 e5 8. O-O
Be6 9. Nd5 Qd7 10. Rb1 Ne8 11. b4 Bh3 12. b5 Nd8 13. e4 c6 14. bxc6 bxc6 15.
Ndc3 Bxg2 16. Kxg2 Ne6 17. Ba3 f5 18. f3 h5 19. Qa4 Rf7 20. Qa5 Kh7 21. Na4 Bh6
22. exf5 gxf5 23. f4 exf4 24. Nxf4 Nxf4+ 25. gxf4 Nf6 26. Kh1 Rg8 27. Bxd6 Ng4
28. Qb4 Nxh2 29. Kxh2 Qd8 30. Qe1 Qxd6 31. Qe2 Rg4 32. Kh3 Rfg7 33. c5 Qd8 34.
Qe1 Qxd3+ 0-1

[Event "Wch Juvenil 2010 sub12"]
[Site "Porto Carras GRE"]
[Date "2010.10.23"]
[Round "4.6"]
[White "Tatekhin, Vyacheslav"]
[Black "Popov, Andrey"]
[Result "1/2-1/2"]
[WhiteElo "2113"]
[BlackElo "2024"]
[PlyCount "93"]
[EventDate "2010.10.20"]
[EventType "swiss"]
[EventRounds "11"]
[EventCountry "GRE"]
[Source "lmi"]
[SourceDate "2010.10.20"]

1. e4 e5 2. Nf3 Nc6 3. d4 exd4 4. Nxd4 Nf6 5. Nxc6 bxc6 6. e5 Qe7 7. Qe2 Nd5 8.
c4 Ba6 9. Nd2 O-O-O 10. b3 Re8 11. Bb2 g5 12. O-O-O Bg7 13. g3 Nb4 14. a3 Nd5
15. Nf3 g4 16. Nh4 Qg5+ 17. Qd2 Qxd2+ 18. Kxd2 Ne7 19. h3 Ng6 20. hxg4 Bxe5 21.
Bxe5 Nxe5 22. Be2 d5 23. cxd5 Bxe2 24. Kxe2 Nxg4+ 25. Kf3 Ne5+ 26. Kg2 cxd5 27.
Rxd5 Ng6 28. Rh5 Re2 29. Nxg6 fxg6 30. Rxh7 Rf8 31. Rf1 Rb2 32. Rg7 Rf6 33. b4
Ra2 34. Rc1 Rfxf2+ 35. Kh3 Rxa3 36. Rcxc7+ Kb8 37. Rb7+ Ka8 38. Rbd7 Rf8 39.
Rxg6 Ra4 40. Rd4 Rh8+ 41. Rh4 Rb8 42. Rgg4 Ra1 43. Rf4 Rb1 44. Rd4 Rb3 45. Kg2
Rg8 46. g4 Rc8 47. Rd2 1/2-1/2

[Event "Wch Juvenil 2010 sub12"]
[Site "Porto Carras GRE"]
[Date "2010.10.23"]
[Round "4.7"]
[White "Beker, Ziv"]
[Black "Schroeder, Jan-Christian"]
[Result "1/2-1/2"]
[WhiteElo "1936"]
[BlackElo "2108"]
[PlyCount "73"]
[EventDate "2010.10.20"]
[EventType "swiss"]
[EventRounds "11"]
[EventCountry "GRE"]
[Source "lmi"]
[SourceDate "2010.10.20"]

1. e4 e5 2. Nf3 Nc6 3. Bb5 a6 4. Ba4 Nf6 5. O-O Be7 6. Qe2 b5 7. Bb3 d6 8. c3
O-O 9. Rd1 Na5 10. Bc2 c5 11. d4 Qc7 12. d5 Nc4 13. b3 Nb6 14. Nbd2 Bd7 15. a4
Rfb8 16. a5 Nc8 17. Nf1 Bd8 18. Bg5 Ng4 19. Bc1 Ne7 20. h3 Nf6 21. g4 Ng6 22.
Ng3 h6 23. Kh1 Nh7 24. Nf5 Ng5 25. Kh2 Nxf3+ 26. Qxf3 Bg5 27. Be3 Re8 28. Rf1
Rf8 29. Rg1 Rad8 30. Kh1 Bc8 31. Qg3 Nf4 32. Bd1 Ng6 33. h4 Bf4 34. Qh3 f6 35.
Be2 Bxe3 36. fxe3 Ne7 37. Qf3 1/2-1/2